Statistieken voor Aziatische landen in willekeurige volgorde op een kaart

Klik hier om de quiz te nemen!

Algemene statistieken

  • Deze quiz is 2.754 keer genomen
    (2.082 sinds de laatste reset)
  • De gemiddelde score is 37 van 48

Antwoorden op de kaart

Antwoorden kleurgecodeerd door een groen-rode schaal op de quizkaart volgens % correct hieronder.
 

Antwoordstatistieken

Land% Correct
Japan
79%
Nepal
79%
Noord-Korea
79%
China
78%
Cyprus
78%
India
78%
Indonesië
78%
Irak
78%
Iran
78%
Jemen
78%
Kazachstan
78%
Mongolië
78%
Pakistan
78%
Saoedi-Arabië
78%
Sri Lanka
78%
Taiwan
78%
Thailand
78%
Turkije
78%
Vietnam
78%
Zuid-Korea
78%
Filipijnen
77%
Myanmar
77%
Syrië
77%
Afghanistan
76%
Bangladesh
76%
Bhutan
76%
Cambodja
76%
Georgië
76%
Israël
76%
Jordanië
76%
Maleisië
76%
Oman
76%
Singapore
76%
Turkmenistan
76%
Verenigde Arabische Emiraten
76%
Armenië
75%
Koeweit
75%
Laos
75%
Maldiven
75%
Oezbekistan
75%
Qatar
75%
Azerbeidzjan
74%
Bahrein
74%
Libanon
74%
Oost-Timor
74%
Brunei
73%
Kirgizië
73%
Tadzjikistan
73%

Scoreverdeling

Percentiel versus Aantal Correcte Antwoorden

Procent van Mensen met Elke Score

Uw Scoregeschiedenis

U heeft deze quiz nog niet genomen sinds de laatste reset